[Event "Tenerife-chT Primera"]
[Site "Tenerife"]
[Date "2025.01.25"]
[Round "6.1"]
[White "Martin Hernandez, Jonas David"]
[Black "Camacho Hernandez, Francisco"]
[Result "1-0"]
[WhiteElo "1895"]
[BlackElo "1738"]
[PlyCount "61"]
[EventDate "2024.11.09"]
[EventType "team-tourn"]
[EventRounds "14"]
[EventCountry "ESP"]
[SourceTitle "CB14_2025"]
[SourceDate "2024.11.01"]
[SourceVersion "1"]
[SourceVersionDate "2024.11.01"]
[SourceQuality "1"]
[WhiteTeam "Piratas La Orotava"]
[BlackTeam "Circulo de Amistad XII Enero II"]
[WhiteTeamCountry "ESP"]
[BlackTeamCountry "ESP"]

1. e4 Nf6 2. e5 Nd5 3. c4 Nb6 4. c5 Nd5 5. Nc3 e6 6. d4 d6 7. cxd6 Nxc3 8. bxc3 cxd6 9. f4 Nc6 10. Nf3 Be7 11. Bd3 f5 12. exf6 gxf6 13. Nh4 Kd7 14. d5 exd5 15. Bf5+ Kc7 16. Qxd5 a5 17. 0-0 a4 18. Rb1 Bxf5 19. Nxf5 Qd7 20. Rb5 Ra6 21. Ba3 Bf8 22. Rfb1 b6 23. Qd3 Na7 24. Rd5 b5 25. c4 Qe6 26. cxb5 Rb6 27. Bb4 Kd7 28. Ba5 Rb7 29. Re1 Qf7 30. Rxd6+ Bxd6 31. Qxd6+ 1-0

[Event "Tenerife-chT Primera"]
[Site "Tenerife"]
[Date "2025.01.11"]
[Round "4.2"]
[White "Diaz Luiz, Pedro"]
[Black "Camacho Hernandez, Francisco"]
[Result "1/2-1/2"]
[WhiteElo "1778"]
[BlackElo "1738"]
[PlyCount "52"]
[EventDate "2024.11.09"]
[EventType "team-tourn"]
[EventRounds "14"]
[EventCountry "ESP"]
[SourceTitle "CB14_2025"]
[SourceDate "2024.11.01"]
[SourceVersion "1"]
[SourceVersionDate "2024.11.01"]
[SourceQuality "1"]
[WhiteTeam "Los Realejos II"]
[BlackTeam "Circulo de Amistad XII Enero II"]
[WhiteTeamCountry "ESP"]
[BlackTeamCountry "ESP"]

1. e4 Nf6 2. Nc3 d6 3. d4 Nbd7 4. Nf3 c6 5. e5 Nd5 6. Nxd5 cxd5 7. e6 fxe6 8. Bd3 Nf6 9. Qe2 Qc7 10. 0-0 Bd7 11. Re1 Ne4 12. Bxe4 dxe4 13. Qxe4 Qc6 14. Qxc6 Bxc6 15. Ng5 h6 16. Nxe6 Kd7 17. Bd2 Bd5 18. Nf4 Bf7 19. Re3 g5 20. Nd3 Bg7 21. c3 Bf6 22. f3 Rae8 23. a3 a6 24. Rae1 e6 25. Nf2 Bd8 26. R3e2 Bg6 1/2-1/2

[Event "Tenerife-chT Primera"]
[Site "Tenerife"]
[Date "2024.11.16"]
[Round "2.2"]
[White "Kramer, Kurt Melik"]
[Black "Camacho Hernandez, Francisco"]
[Result "1-0"]
[WhiteElo "2061"]
[BlackElo "1738"]
[PlyCount "76"]
[EventDate "2024.11.09"]
[EventType "team-tourn"]
[EventRounds "14"]
[EventCountry "ESP"]
[SourceTitle "CB14_2025"]
[SourceDate "2024.11.01"]
[SourceVersion "1"]
[SourceVersionDate "2024.11.01"]
[SourceQuality "1"]
[WhiteTeam "Ebano Barrio Nuevo II"]
[BlackTeam "Circulo de Amistad XII Enero II"]
[WhiteTeamCountry "ESP"]
[BlackTeamCountry "ESP"]

1. d4 Nf6 2. Bf4 d6 3. Nc3 g6 4. e4 Bg7 5. Qd2 Nbd7 6. Nf3 c5 7. dxc5 Nxc5 8. e5 Nfe4 9. Nxe4 Nxe4 10. Qb4 f5 11. Bb5+ Bd7 12. exd6 exd6 13. 0-0-0 Bxb5 14. Qxb5+ Qd7 15. Qb3 0-0-0 16. Rd5 Rhe8 17. Rhd1 Bf8 18. Be3 b6 19. Ne5 Qc7 20. Nc4 Nc5 21. Qb5 Re4 22. Bxc5 bxc5 23. f3 Re6 24. Qa6+ Kb8 25. R5d3 Ka8 26. Rb3 Rb8 27. Rxb8+ Kxb8 28. Rd3 Qc8 29. Rb3+ Kc7 30. Qxa7+ Kc6 31. Qa4+ Kc7 32. Qa5+ Kc6 33. a4 d5 34. Rb6+ Kd7 35. Qa7+ Kd8 36. Rb8 Bh6+ 37. Kb1 dxc4 38. Rxc8+ Kxc8 1-0

[Event "Tenerife-ch Seniors/Women"]
[Site "Santa Cruz de Tenerife"]
[Date "2023.03.22"]
[Round "5.10"]
[White "Camacho Hernandez, Francisco"]
[Black "Montoro Salvatierra, Pedro"]
[Result "1/2-1/2"]
[WhiteElo "1722"]
[BlackElo "1608"]
[PlyCount "63"]
[EventDate "2023.03.13"]
[EventType "swiss"]
[EventRounds "9"]
[EventCountry "ESP"]
[SourceTitle "EXT 2024"]
[Source "ChessBase"]
[SourceDate "2023.10.10"]
[SourceVersion "1"]
[SourceVersionDate "2023.10.10"]
[SourceQuality "1"]

1. c4 e5 2. Nc3 f5 3. e4 Nf6 4. d4 exd4 5. Qxd4 Nc6 6. Qe3 Ng4 7. Qe2 Nd4 8. Qd3 Bc5 9. Be3 Nxe3 10. fxe3 fxe4 11. Nxe4 Bb4+ 12. Nd2 Ne6 13. 0-0-0 0-0 14. Ngf3 c6 15. Nb3 Qf6 16. Qc2 Nc5 17. Nxc5 Bxc5 18. e4 d6 19. Bd3 g6 20. Rhf1 Be3+ 21. Kb1 Qe7 22. Rde1 Bh6 23. h4 Bg4 24. e5 Bf5 25. Bxf5 Rxf5 26. exd6 Qxd6 27. Rd1 Qf6 28. Rd7 Rd8 29. Rfd1 Rxd7 30. Rxd7 Qe6 31. Qd3 Rf7 32. Rxf7 1/2-1/2

[Event "Tenerife-chT Primera"]
[Site "Tenerife"]
[Date "2023.01.21"]
[Round "2.2"]
[White "Montoro Salvatierra, Pedro"]
[Black "Camacho Hernandez, Francisco"]
[Result "0-1"]
[WhiteElo "1621"]
[BlackElo "1693"]
[PlyCount "88"]
[EventDate "2023.01.14"]
[EventType "team-tourn"]
[EventRounds "14"]
[EventCountry "ESP"]
[SourceTitle "EXT 2024"]
[Source "ChessBase"]
[SourceDate "2023.10.10"]
[SourceVersion "1"]
[SourceVersionDate "2023.10.10"]
[SourceQuality "1"]
[WhiteTeam "Caissa Enroque II"]
[BlackTeam "Circulo de Amistad XII Enero II"]
[WhiteTeamCountry "ESP"]
[BlackTeamCountry "ESP"]

1. d4 d5 2. Nf3 Nf6 3. c4 c6 4. cxd5 Nxd5 5. e4 Nf6 6. Nc3 g6 7. Bc4 Bg7 8. 0-0 0-0 9. Bg5 h6 10. Bh4 g5 11. Bg3 Nbd7 12. e5 Ne8 13. e6 fxe6 14. Bxe6+ Kh7 15. Nxg5+ hxg5 16. Qh5+ Bh6 17. Bf7 Rxf7 18. Qxf7+ Ng7 19. Rfe1 Nf8 20. Be5 Be6 21. Qf3 Qd7 22. Ne4 Bd5 23. Qd3 Qf5 24. Re2 Ng6 25. Rae1 Rf8 26. f3 Nxe5 27. dxe5 Ne6 28. Qa3 Rf7 29. Ng3 Qg6 30. Rf2 Nf4 31. Rd1 Bg7 32. Qe3 b6 33. Ne2 Qf5 34. Nxf4 gxf4 35. Qd3 Bxe5 36. b3 Bd6 37. Qxf5+ Rxf5 38. Re2 Kg6 39. Rd3 b5 40. Kf1 a5 41. Ke1 a4 42. Kd2 axb3 43. axb3 Rg5 44. Re1 Bb4+ 0-1

[Event "Santa Cruz Christmas op 32nd"]
[Site "Santa Cruz"]
[Date "2022.12.29"]
[Round "9"]
[White "Rodriguez Redondo, Ethan"]
[Black "Camacho Hernandez, Francisco"]
[Result "1-0"]
[WhiteElo "2009"]
[BlackElo "1693"]
[PlyCount "101"]
[EventDate "2022.12.15"]
[EventType "swiss"]
[EventRounds "9"]
[EventCountry "ESP"]
[SourceTitle "EXT 2024"]
[Source "ChessBase"]
[SourceDate "2023.10.10"]
[SourceVersion "1"]
[SourceVersionDate "2023.10.10"]
[SourceQuality "1"]

1. d4 Nf6 2. Nc3 d5 3. Bg5 c6 4. f3 h6 5. Bh4 Qa5 6. e3 Nbd7 7. Bd3 e5 8. dxe5 Nxe5 9. Nge2 Bd6 10. Qd2 Be6 11. 0-0 Qc7 12. Bg3 0-0-0 13. Rab1 Rhe8 14. b4 Nc4 15. Bxc4 Bxg3 16. Nxg3 dxc4 17. Qf2 Nd5 18. Nxd5 cxd5 19. Rfd1 f5 20. Ne2 Bf7 21. Nd4 g6 22. a4 Qe5 23. Re1 Re7 24. a5 Rde8 25. a6 f4 26. e4 dxe4 27. Rxe4 Qf6 28. axb7+ Kxb7 29. Nb5 Qb6 30. Qxb6+ Kxb6 31. Nd6 Rxe4 32. fxe4 Rf8 33. Nxf7 Rxf7 34. Rd1 Rf6 35. Rd5 Re6 36. e5 g5 37. g4 Kc6 38. Rc5+ Kd7 39. Kf2 Rc6 40. Ra5 Re6 41. Kf3 Rb6 42. c3 a6 43. Ke4 Ke6 44. Rc5 Rb5 45. Rc6+ Kf7 46. Kf5 f3 47. Rf6+ Ke7 48. Ke4 a5 49. bxa5 Rxa5 50. Rxf3 Ra8 51. Kd5 1-0

[Event "Santa Cruz Christmas op 32nd"]
[Site "Santa Cruz"]
[Date "2022.12.28"]
[Round "8"]
[White "Camacho Hernandez, Francisco"]
[Black "Teixeira Salema, Jonathan"]
[Result "1-0"]
[WhiteElo "1693"]
[BlackElo "1393"]
[PlyCount "77"]
[EventDate "2022.12.15"]
[EventType "swiss"]
[EventRounds "9"]
[EventCountry "ESP"]
[SourceTitle "EXT 2024"]
[Source "ChessBase"]
[SourceDate "2023.10.10"]
[SourceVersion "1"]
[SourceVersionDate "2023.10.10"]
[SourceQuality "1"]

1. c4 e5 2. Nc3 Nc6 3. g3 f5 4. e4 Bc5 5. exf5 Qf6 6. Ne4 Qf8 7. Qh5+ Kd8 8. d3 Nf6 9. Nxf6 gxf6 10. a3 Nd4 11. Qd1 Nxf5 12. Nf3 d6 13. b4 Bd4 14. Nxd4 Nxd4 15. Bg2 h5 16. h4 Bg4 17. f3 Bd7 18. Be3 Nf5 19. Bf2 Qg7 20. g4 Nh6 21. g5 fxg5 22. hxg5 Qxg5 23. Bh4 Qxh4+ 24. Rxh4 Nf5 25. Rh2 Rg8 26. Qd2 Nd4 27. Ra2 Bc6 28. Qh6 Bxf3 29. Qf6+ Kd7 30. Qf7+ Kc6 31. Bxf3+ Kb6 32. c5+ Ka6 33. Qc4+ b5 34. cxb6+ Kxb6 35. Bxa8 Rxa8 36. Rxh5 Rf8 37. Rh7 c6 38. Rf2 Rg8 39. Qxg8 1-0

[Event "Santa Cruz Christmas op 32nd"]
[Site "Santa Cruz"]
[Date "2022.12.16"]
[Round "2"]
[White "Camacho Hernandez, Francisco"]
[Black "Perera Gonzalez, Pablo"]
[Result "1-0"]
[WhiteElo "1693"]
[BlackElo "2125"]
[PlyCount "91"]
[EventDate "2022.12.15"]
[EventType "swiss"]
[EventRounds "9"]
[EventCountry "ESP"]
[SourceTitle "EXT 2024"]
[Source "ChessBase"]
[SourceDate "2023.10.10"]
[SourceVersion "1"]
[SourceVersionDate "2023.10.10"]
[SourceQuality "1"]

1. c4 Nf6 2. Nf3 g6 3. Nc3 d5 4. cxd5 Nxd5 5. Qb3 Nb6 6. d4 Bg7 7. e4 Bg4 8. Be3 a5 9. Ng5 0-0 10. h3 Bc8 11. Rd1 a4 12. Qc2 Nc6 13. Nf3 Qe8 14. a3 f5 15. Nb5 Qd8 16. d5 Ne5 17. Nxc7 Nec4 18. Nxa8 Nxe3 19. fxe3 Nxa8 20. e5 Bh6 21. Qxa4 Bd7 22. Qb3 Qa5+ 23. Kf2 Ba4 24. Qd3 Bxd1 25. Qxd1 Nb6 26. d6 e6 27. h4 Nd5 28. Ng5 f4 29. e4 Qb6+ 30. Ke1 Ne3 31. Qd2 Bxg5 32. hxg5 Rc8 33. Bd3 Qd4 34. Ke2 Qxe5 35. g3 Nc4 36. d7 Rd8 37. gxf4 Qd4 38. Bxc4 Qxe4+ 39. Kf2 Qxc4 40. Rc1 Qb5 41. Rc8 Qb6+ 42. Kg3 Kf7 43. Rxd8 Qxd8 44. Qd6 b6 45. a4 e5 46. Qf6+ 1-0

[Event "Tenerife-chT Segunda"]
[Site "Tenerife"]
[Date "2022.02.19"]
[Round "4.2"]
[White "Mora Orta, Rebeca"]
[Black "Camacho Hernandez, Francisco"]
[Result "0-1"]
[WhiteElo "1222"]
[BlackElo "1748"]
[PlyCount "66"]
[EventDate "2022.01.29"]
[EventType "team-tourn"]
[EventRounds "14"]
[EventCountry "ESP"]
[SourceTitle "EXT 2024"]
[Source "ChessBase"]
[SourceDate "2023.10.10"]
[SourceVersion "1"]
[SourceVersionDate "2023.10.10"]
[SourceQuality "1"]
[WhiteTeam "Piratas La Orotava II"]
[BlackTeam "Circulo de Amistad XII Enero II"]
[WhiteTeamCountry "ESP"]
[BlackTeamCountry "ESP"]

1. e4 Nf6 2. e5 Nd5 3. c4 Nb6 4. Nf3 d6 5. d4 dxe5 6. Nxe5 N8d7 7. Nf3 g6 8. Nc3 Nf6 9. b3 Bg7 10. Be2 0-0 11. 0-0 c6 12. Bf4 Nbd7 13. Qd2 Re8 14. Rad1 Nh5 15. Bh6 Qa5 16. Rc1 Nf8 17. Bxg7 Nxg7 18. Qd3 Bf5 19. Qe3 Rad8 20. Rfd1 Bg4 21. d5 Nf5 22. Qf4 Bxf3 23. Bxf3 e5 24. dxe6 Rxd1+ 25. Bxd1 Nxe6 26. Qe4 Nc7 27. Qxe8+ Nxe8 28. Bf3 Nd4 29. Be4 Nf6 30. Bd3 Qg5 31. Rd1 Nf3+ 32. Kh1 Qe5 33. gxf3 Qxc3 0-1

[Event "Tenerife-chT Primera"]
[Site "Tenerife"]
[Date "2021.06.06"]
[Round "9.4"]
[White "Gonzalez Miranda, Alejandro"]
[Black "Camacho Hernandez, Francisco"]
[Result "0-1"]
[WhiteElo "1280"]
[BlackElo "1737"]
[PlyCount "66"]
[EventDate "2021.02.27"]
[EventType "team-tourn"]
[EventRounds "14"]
[EventCountry "ESP"]
[SourceTitle "EXT 2023"]
[Source "ChessBase"]
[SourceDate "2022.10.05"]
[SourceVersion "1"]
[SourceVersionDate "2022.10.05"]
[SourceQuality "1"]
[WhiteTeam "Santa Ursula Badnor"]
[BlackTeam "Circulo de Amistad XII Enero"]
[WhiteTeamCountry "ESP"]
[BlackTeamCountry "ESP"]

1. g3 Nf6 2. Bg2 g6 3. Nf3 Bg7 4. 0-0 0-0 5. Nc3 c5 6. e4 Nc6 7. d4 cxd4 8. Nxd4 d6 9. Kh1 a6 10. Nxc6 bxc6 11. f4 Rb8 12. e5 dxe5 13. fxe5 Qxd1 14. Rxd1 Ng4 15. Re1 Nxe5 16. Bf4 f6 17. Rab1 Bf5 18. Re2 Rfc8 19. Na4 c5 20. b3 Kf7 21. Rbe1 Bd7 22. Nb2 Bc6 23. Bxc6 Rxc6 24. Bxe5 fxe5 25. Nc4 Re6 26. Nxe5+ Rxe5 27. Rxe5 Bxe5 28. Rxe5 Rc8 29. Kg2 Kf6 30. Re3 e5 31. Kf3 Ke6 32. Kg4 Rf8 33. Rf3 h5+ 0-1

[Event "Tenerife-chT Primera 1920"]
[Site "Tenerife "]
[Date "2020.03.07"]
[Round "8.4"]
[White "Camacho Hernandez, Francisco"]
[Black "Quintero Perdomo, Alberto"]
[Result "0-1"]
[WhiteElo "1785"]
[BlackElo "1743"]
[PlyCount "80"]
[EventDate "2019.11.30"]
[EventType "team-tourn"]
[EventRounds "14"]
[EventCountry "ESP"]
[SourceTitle "CBM 195 Extra"]
[Source "ChessBase"]
[SourceDate "2020.05.31"]
[SourceVersion "1"]
[SourceVersionDate "2020.05.31"]
[SourceQuality "1"]
[WhiteTeam "Circulo de Amistad XII Enero"]
[BlackTeam "Ciberjaque Universidad"]
[WhiteTeamCountry "ESP"]
[BlackTeamCountry "ESP"]

1. c4 g6 2. Nc3 Bg7 3. Nf3 e5 4. g3 Nc6 5. Bg2 d6 6. 0-0 Nf6 7. Rb1 Bf5 8. d3 0-0 9. Bg5 Qd7 10. Nd5 Ne8 11. b4 f6 12. Be3 Bh3 13. b5 Nd8 14. Qb3 Bxg2 15. Kxg2 Ne6 16. a4 Rf7 17. d4 e4 18. Ne1 f5 19. Nc2 g5 20. f4 c6 21. Nc3 gxf4 22. d5 cxd5 23. cxd5 Nc5 24. Bxc5 dxc5 25. Rxf4 Be5 26. Rh4 Bxc3 27. Qxc3 Qxd5 28. Rf1 Nd6 29. Ne3 Qd4 30. Qc1 Raf8 31. Rd1 Qe5 32. Rd5 Qe6 33. Qxc5 Rf6 34. Re5 Qa2 35. Qd5+ Qxd5 36. Nxd5 R6f7 37. Rf4 Kg7 38. Ne3 Kf6 39. Rd5 Ke6 40. Rh4 Nc4 0-1

[Event "Santa Cruz de Tenerife Primavera op"]
[Site "Santa Cruz de Tenerife"]
[Date "2019.03.28"]
[Round "9"]
[White "Camacho Hernandez, Francisco"]
[Black "Mamani Beltran, Deniman"]
[Result "0-1"]
[WhiteElo "1788"]
[BlackElo "1852"]
[PlyCount "66"]
[EventDate "2019.03.11"]
[EventType "swiss"]
[EventRounds "9"]
[EventCountry "ESP"]
[SourceTitle "CBM 190 Extra"]
[Source "ChessBase"]
[SourceDate "2019.07.15"]
[SourceVersion "1"]
[SourceVersionDate "2019.07.15"]
[SourceQuality "1"]

1. c4 e5 2. d3 Nf6 3. g3 Bc5 4. Bg2 0-0 5. Nc3 c6 6. Nf3 d6 7. 0-0 Bg4 8. Bg5 Nbd7 9. Ne4 Qe7 10. h3 Bh5 11. g4 Bg6 12. Nxc5 dxc5 13. e4 Rad8 14. Qc2 h6 15. Bh4 Rfe8 16. Qc3 Qd6 17. Rad1 Bh7 18. Bg3 Kh8 19. Rd2 Qe6 20. Nh2 g5 21. Re1 Rg8 22. Nf1 h5 23. f3 Rde8 24. Ne3 h4 25. Bf2 Qd6 26. Nc2 Rd8 27. a3 Nf8 28. Qa5 Ne6 29. Qxa7 Nd7 30. Qa5 Nd4 31. Qc3 Qf6 32. Nxd4 exd4 33. Qc2 Ne5 0-1

[Event "Tenerife-chT Preferente 1819"]
[Site "Tenerife"]
[Date "2019.03.16"]
[Round "10.4"]
[White "Camacho Hernandez, Francisco"]
[Black "Rodriguez Redondo, Adhara"]
[Result "0-1"]
[WhiteElo "1796"]
[BlackElo "1962"]
[PlyCount "58"]
[EventDate "2018.11.24"]
[EventType "team-tourn"]
[EventRounds "14"]
[EventCountry "ESP"]
[SourceTitle "CBM 189 Extra"]
[Source "ChessBase"]
[SourceDate "2019.05.31"]
[SourceVersion "1"]
[SourceVersionDate "2019.05.31"]
[SourceQuality "1"]
[WhiteTeam "Circulo de Amistad"]
[BlackTeam "Fundacion La Caja de Canarias"]
[WhiteTeamCountry "ESP"]
[BlackTeamCountry "ESP"]

1. Nf3 d5 2. d4 Nf6 3. g3 Bg4 4. Bg2 e6 5. b3 Bd6 6. Ba3 Bxa3 7. Nxa3 Qd6 8. Qc1 Ne4 9. 0-0 Nd7 10. c4 c6 11. Nc2 h6 12. Re1 0-0 13. Qb2 Bxf3 14. exf3 Nef6 15. Rad1 Rfe8 16. f4 a5 17. Ne3 g6 18. a3 Kg7 19. c5 Qc7 20. Bf3 h5 21. Ng2 b6 22. b4 Reb8 23. Nh4 axb4 24. axb4 bxc5 25. dxc5 Ra4 26. Qc2 Raxb4 27. f5 exf5 28. Re7 Qd8 29. Rde1 Ne4 0-1

[Event "Tenerife-chT Preferente 1819"]
[Site "Tenerife"]
[Date "2018.12.15"]
[Round "3.3"]
[White "Camacho Hernandez, Francisco"]
[Black "Guillermo Gonzalez, Alvaro"]
[Result "0-1"]
[WhiteElo "1796"]
[BlackElo "1956"]
[PlyCount "60"]
[EventDate "2018.11.24"]
[EventType "team-tourn"]
[EventRounds "14"]
[EventCountry "ESP"]
[SourceTitle "CBM 189 Extra"]
[Source "ChessBase"]
[SourceDate "2019.05.31"]
[SourceVersion "1"]
[SourceVersionDate "2019.05.31"]
[SourceQuality "1"]
[WhiteTeam "Circulo de Amistad"]
[BlackTeam "Fundacion La Caja de Canarias"]
[WhiteTeamCountry "ESP"]
[BlackTeamCountry "ESP"]

1. d4 Nf6 2. c4 g6 3. Nf3 Bg7 4. Nc3 0-0 5. b3 d6 6. e3 Nc6 7. Be2 e5 8. d5 Ne7 9. e4 Nd7 10. g4 f5 11. gxf5 gxf5 12. Rg1 Nc5 13. Bg5 fxe4 14. Nd2 Bf5 15. b4 e3 16. Bxe3 Nd3+ 17. Bxd3 Bxd3 18. Qg4 Ng6 19. Nce4 Rf4 20. Bxf4 exf4 21. Qe6+ Kh8 22. Ng5 Ne5 23. 0-0-0 Qf6 24. Nde4 Qf8 25. h4 Re8 26. Nxh7 Kxh7 27. Rxg7+ Kxg7 28. Rg1+ Kh8 29. Qf6+ Qxf6 30. Nxf6 Rf8 0-1

[Event "Tenerife-chT Primera 1718"]
[Site "Tenerife"]
[Date "2017.12.02"]
[Round "3.4"]
[White "Plasencia Garcia, Juan Carlos"]
[Black "Camacho Hernandez, Francisco"]
[Result "0-1"]
[WhiteElo "1682"]
[BlackElo "1777"]
[PlyCount "60"]
[EventDate "2017.11.11"]
[EventType "team-tourn"]
[EventRounds "14"]
[EventCountry "ESP"]
[SourceTitle "CBM 187 Extra"]
[Source "ChessBase"]
[SourceDate "2018.11.04"]
[SourceVersion "1"]
[SourceVersionDate "2018.11.04"]
[SourceQuality "1"]
[WhiteTeam "Ebano Casa Venezuela III"]
[BlackTeam "Circulo de Amistad XII Enero III"]
[WhiteTeamCountry "ESP"]
[BlackTeamCountry "ESP"]

1. e4 Nf6 2. e5 Nd5 3. Bc4 Nb6 4. Bb3 c5 5. c3 d6 6. f4 Nc6 7. Nf3 c4 8. Bc2 Nd5 9. d4 cxd3 10. Bxd3 e6 11. 0-0 Be7 12. Qc2 g6 13. Re1 0-0 14. a3 Qc7 15. c4 Nb6 16. Nc3 a6 17. h4 Nd7 18. h5 dxe5 19. hxg6 f5 20. gxh7+ Kxh7 21. g4 Nd4 22. Qh2+ Kg7 23. Nxd4 Bc5 24. Nce2 Nf6 25. gxf5 e4 26. Bxe4 exf5 27. Be3 fxe4 28. Kh1 Rh8 29. Rg1+ Ng4 30. Qxh8+ Kxh8 0-1

[Event "Tenerife-chT Primera 1718"]
[Site "Tenerife"]
[Date "2017.11.18"]
[Round "2.3"]
[White "Rodriguez Acosta, Raul"]
[Black "Camacho Hernandez, Francisco"]
[Result "0-1"]
[WhiteElo "1503"]
[BlackElo "1777"]
[PlyCount "118"]
[EventDate "2017.11.11"]
[EventType "team-tourn"]
[EventRounds "14"]
[EventCountry "ESP"]
[SourceTitle "CBM 187 Extra"]
[Source "ChessBase"]
[SourceDate "2018.11.04"]
[SourceVersion "1"]
[SourceVersionDate "2018.11.04"]
[SourceQuality "1"]
[WhiteTeam "Laguna Cotelec III"]
[BlackTeam "Circulo de Amistad XII Enero III"]
[WhiteTeamCountry "ESP"]
[BlackTeamCountry "ESP"]

1. d4 d5 2. Nf3 g6 3. e3 Bg7 4. Bd3 Nd7 5. Nbd2 c5 6. c3 Ngf6 7. 0-0 0-0 8. Re1 Qc7 9. e4 dxe4 10. Nxe4 cxd4 11. Nxf6+ Nxf6 12. cxd4 e6 13. Be3 b6 14. Rc1 Qd6 15. Qd2 Nd5 16. Bh6 Bb7 17. Bxg7 Kxg7 18. Be4 Rac8 19. Ne5 Ba8 20. g3 Nf6 21. Bxa8 Rxc1 22. Rxc1 Rxa8 23. Rc6 Qe7 24. Qc1 Nd5 25. Ng4 g5 26. Qe1 Re8 27. Qe5+ f6 28. Qe2 h5 29. Ne3 Nxe3 30. Qxe3 Qd7 31. Qc1 Re7 32. Qc4 g4 33. b3 Kg6 34. Qc2+ f5 35. Qc4 Kf7 36. Qc3 Qd5 37. Rc7 Rd7 38. Rxd7+ Qxd7 39. Qe3 Ke7 40. Qe5 a5 41. Qg7+ Kd6 42. Qe5+ Kc6 43. a4 Qd5 44. Qe3 Qe4 45. Qc3+ Kd6 46. Qc4 Qe1+ 47. Kg2 Qb4 48. Qd3 Kd5 49. h3 Qxd4 50. Qb5+ Kd6 51. hxg4 hxg4 52. Qe8 Qd5+ 53. Kg1 Qxb3 54. Qd8+ Ke5 55. Qc7+ Ke4 56. Qc6+ Kd3 57. Qd6+ Kc2 58. Qc6+ Kb2 59. Qd7 Ka3 0-1